<?xml version="1.0" encoding="UTF-8"?><?xml-stylesheet type="text/xsl" href="static/style.xsl"?><OAI-PMH xmlns="http://www.openarchives.org/OAI/2.0/" xmlns:xsi="http://www.w3.org/2001/XMLSchema-instance" xsi:schemaLocation="http://www.openarchives.org/OAI/2.0/ http://www.openarchives.org/OAI/2.0/OAI-PMH.xsd"><responseDate>2026-04-17T00:38:53Z</responseDate><request verb="GetRecord" identifier="oai:www.recercat.cat:10459.1/68487" metadataPrefix="marc">https://recercat.cat/oai/request</request><GetRecord><record><header><identifier>oai:recercat.cat:10459.1/68487</identifier><datestamp>2024-12-05T21:33:42Z</datestamp><setSpec>com_2072_3622</setSpec><setSpec>col_2072_479130</setSpec></header><metadata><record xmlns="http://www.loc.gov/MARC21/slim" xmlns:dcterms="http://purl.org/dc/terms/" xmlns:xsi="http://www.w3.org/2001/XMLSchema-instance" xmlns:doc="http://www.lyncode.com/xoai" xsi:schemaLocation="http://www.loc.gov/MARC21/slim http://www.loc.gov/standards/marcxml/schema/MARC21slim.xsd">
   <leader>00925njm 22002777a 4500</leader>
   <datafield ind2=" " ind1=" " tag="042">
      <subfield code="a">dc</subfield>
   </datafield>
   <datafield ind2=" " ind1=" " tag="720">
      <subfield code="a">Vera-Rojas, María Teresa</subfield>
      <subfield code="e">author</subfield>
   </datafield>
   <datafield ind2=" " ind1=" " tag="260">
      <subfield code="c">2020-04-23T09:20:24Z</subfield>
   </datafield>
   <datafield ind2=" " ind1=" " tag="260">
      <subfield code="c">2020-04-23T09:20:24Z</subfield>
   </datafield>
   <datafield ind2=" " ind1=" " tag="260">
      <subfield code="c">2019</subfield>
   </datafield>
   <datafield ind2=" " ind1=" " tag="520">
      <subfield code="a">El artículo propone que en We the Animals (2011), novela de Justin Torres, la vida animal descubre las fronteras artificiales que sostienen el imperio de lo humano y desarticula su “natural” alteridad respecto de las regulaciones biopolíticas que controlan y definen la vida humana. El objetivo es demostrar cómo, a través de las relaciones familiares de los personajes, se desarrolla un espectro de emociones humanas que rozan la animalidad y que nos obligan a discutir la hegemonía de los registros y tecnologías que han normalizado la naturaleza humana como paradigma de la vida y han exaltado su representación en el hombre blanco como eje del pensamiento y sociedad modernas. El análisis se enfoca en dos aspectos: la idea de la relación de lo animal con el mestizaje y con la sexualidad, con el fin último de explorar cómo esta apertura hacia este otro lugar posantropomórfico y poshumano es quizás una alternativa política para pensar los cuerpos y las subjetividades poscoloniales, fronterizas, mestizas y diaspóricas que habitan aquello que se define como el Caribe.</subfield>
   </datafield>
   <datafield ind2=" " ind1=" " tag="520">
      <subfield code="a">The article argues that in the novel We the Animals (2011), written by Justin Torres, animal life unveils the artificial borders that preserve the reign of the human, and disarticulates its “natural” alterity regarding the biopolitical regulations that control and define human life. It seeks to demonstrate how the characters’ family relationships express a range of human emotions close to animality. These emotions compel us to challenge the hegemony of the registers and technologies that have normalized human nature as the epitome of life, and that have reinforced its representation through the white male subject as origin and center of modern thought and society. The analysis focuses on two aspects: the connection of the animal to mestizaje and its association to sexuality. The goal of the analysis is exploring how this political openness towards this post-anthropomorphic and post-human place could perhaps be considered a political alternative to reflect on the bodies and postcolonial, border, mestiza and diasporic subjectivities that inhabit and define what has come to be known as the Caribbean.</subfield>
   </datafield>
   <datafield ind2=" " ind1=" " tag="520">
      <subfield code="a">O artigo propõe que em We the Animals (2011), romance de Justin Torres, a vida animal descobre a  fronteiras artificiais que sustém o império do humano e desarticula sua “natural” alteridade respeito das regulamentações biopolíticas que controlam e definem a vida humana. O objetivo é demonstrar como, através das relações familiares dos personagens, desenvolve-se um espectro de emoções humanas que tocam a animalidade e nos obriga a discutir a hegemonia dos registros e tecnologias que padronizaram a natureza humana como paradigma da vida e exaltaram sua representação no homem&#xd;
branco como eixo do pensamento e sociedade modernos. A análise é focada em dois aspectos: a ideia&#xd;
do relacionamento do animal com a mestiçagem e a sexualidade, com o fim último de explorar como essa abertura para este outro lugar pós-antropomórfico e pós-humano é, possivelmente, uma alternativa política para pensar os corpos e as subjetividades pós-coloniais, fronteiriças, mestiças e diaspóricas que habitam aquilo que se define como o Caribe.</subfield>
   </datafield>
   <datafield ind1="8" ind2=" " tag="024">
      <subfield code="a">http://hdl.handle.net/10459.1/68487</subfield>
   </datafield>
   <datafield tag="653" ind2=" " ind1=" ">
      <subfield code="a">Vida animal</subfield>
   </datafield>
   <datafield tag="653" ind2=" " ind1=" ">
      <subfield code="a">Biopolítica</subfield>
   </datafield>
   <datafield tag="653" ind2=" " ind1=" ">
      <subfield code="a">Poshumano</subfield>
   </datafield>
   <datafield tag="653" ind2=" " ind1=" ">
      <subfield code="a">Alteridad</subfield>
   </datafield>
   <datafield tag="653" ind2=" " ind1=" ">
      <subfield code="a">Mestizaje</subfield>
   </datafield>
   <datafield tag="653" ind2=" " ind1=" ">
      <subfield code="a">Sexualidad queer</subfield>
   </datafield>
   <datafield tag="653" ind2=" " ind1=" ">
      <subfield code="a">Diáspora caribeña</subfield>
   </datafield>
   <datafield tag="653" ind2=" " ind1=" ">
      <subfield code="a">We the Animals</subfield>
   </datafield>
   <datafield tag="653" ind2=" " ind1=" ">
      <subfield code="a">Justin Torres</subfield>
   </datafield>
   <datafield tag="653" ind2=" " ind1=" ">
      <subfield code="a">Animal life</subfield>
   </datafield>
   <datafield tag="653" ind2=" " ind1=" ">
      <subfield code="a">Biopolitics</subfield>
   </datafield>
   <datafield tag="653" ind2=" " ind1=" ">
      <subfield code="a">Post-human</subfield>
   </datafield>
   <datafield tag="653" ind2=" " ind1=" ">
      <subfield code="a">Alterity</subfield>
   </datafield>
   <datafield tag="653" ind2=" " ind1=" ">
      <subfield code="a">Queer sexuality</subfield>
   </datafield>
   <datafield tag="653" ind2=" " ind1=" ">
      <subfield code="a">Caribbean diaspora</subfield>
   </datafield>
   <datafield tag="653" ind2=" " ind1=" ">
      <subfield code="a">Pós-humano</subfield>
   </datafield>
   <datafield tag="653" ind2=" " ind1=" ">
      <subfield code="a">Alteridade</subfield>
   </datafield>
   <datafield tag="653" ind2=" " ind1=" ">
      <subfield code="a">Mestiçagem</subfield>
   </datafield>
   <datafield tag="653" ind2=" " ind1=" ">
      <subfield code="a">Sexualidade queer</subfield>
   </datafield>
   <datafield tag="653" ind2=" " ind1=" ">
      <subfield code="a">Diáspora caribenha</subfield>
   </datafield>
   <datafield ind2="0" ind1="0" tag="245">
      <subfield code="a">“I behaved like an animal”: sobre los límites de lo humano y la vida animal en We the Animals de Justin Torres</subfield>
   </datafield>
   <datafield ind2="0" ind1="0" tag="245">
      <subfield code="a">“I behaved like an animal”: About the Limits of the Human and the Animal Life in Justin Torres’ We the Animals</subfield>
   </datafield>
   <datafield ind2="0" ind1="0" tag="245">
      <subfield code="a">“I behaved like an animal”: sobre os limites do humano e a vida animal em We the Animals de Justin Torres</subfield>
   </datafield>
</record></metadata></record></GetRecord></OAI-PMH>